01013cam a2200301 a 45000010008000000030004000080050017000120080041000290100017000700200015000870400018001020500024001200820018001441000033001622450084001952500012002792600053002913000041003445000022003855040032004076500021004396500023004607000027004839060045005109420015005559990017005709520124005871461777OSt20160809121010.0860812s1987 njua b 001 0 eng  a 86021274  a0131795082 aDLCcDLCdDLC00aHF5686.C8bH59 198700a658.1/5112191 aHorngren, Charles T.,d1926-10aCost accounting :ba managerial emphasis /cCharles T. Horngren, George Foster. a6th ed. aEnglewood Cliffs, N.J. :bPrentice-Hall,cc1987. axxiii, 980 p. :bcol. ill. ;c25 cm. aIncludes indexes. aBibliography: p. [940]-941. 0aCost accounting. 0aCosts, Industrial.1 aFoster, George,d1948- a7bcbccorignewd1eocipf19gy-gencatlg 2lcccBOOKS c13000d13000 00102lcc4070aMUCbMUCcGENd2016-08-09eDonation(BFA)l0oHF 5686.C8H59 1987p21949r2016-08-09w2016-08-09yBOOKS